| 000 | 01346nam a2200361 i 4500 | ||
|---|---|---|---|
| 001 | 193153 | ||
| 003 | SpMaBN | ||
| 005 | 20240708063028.0 | ||
| 007 | ta | ||
| 008 | 230909s2022 sp | |||| 000 f spa | ||
| 017 |
_aGR 180-2022 _bOficina Depósito Legal Granada |
||
| 020 | _a9788412468878 | ||
| 040 |
_aSpMaBN _bspa _cSpMaBN _erda _dES-MaACL |
||
| 080 | _a821.134.2-31"19" | ||
| 100 | 1 |
_aMadrigal, Alfonso _c(seud.) _9142376 _eaut |
|
| 245 | 1 | 3 |
_aLa piel de la doncella / _cAlfonso Madrigal. |
| 264 | 1 |
_aSalobreña (Granada) : _bAlhulia, _c[2022] |
|
| 300 |
_a388 páginas ; _c21 cm |
||
| 336 |
_aTexto _2rdacontent |
||
| 337 |
_asin mediación _2rdamedia |
||
| 338 |
_avolumen _2rdacarrier |
||
| 490 | 1 |
_aCrisálida ; _v244 |
|
| 500 | _aCatalogación provisional. Signatura: N 8589. Depósito J. | ||
| 655 | 0 |
_aNovelas policiacas _2tgfbne _9233840 |
|
| 830 |
_9191393 _aCrisálida narrativa ; _v244 |
||
| 852 |
_aES-MaACL _9200489 _bR.153561 _jN-8589 _cDEPOJ _zEn proceso _gDedicatoria autógrafa del autor _hDonación: Alfonso Madrigal |
||
| 903 |
_9142376 _aMadrigal, Alfonso _c(seud.) _ednr |
||
| 942 |
_n0 _cMONOGRAFIA |
||
| 999 |
_c193153 _d193153 |
||